| 000 | 01118nac a22003377a 4500 | ||
|---|---|---|---|
| 001 | BR7603264 | ||
| 003 | BR-BrBNA | ||
| 005 | 20240105113949.0 | ||
| 008 | 230509b bl.|||m| |||| 00| 0 por d | ||
| 040 |
_aBR-BrBNA _bpor _cBiblioteca Nacional de Agricultura |
||
| 072 | _aE15; E70; F00 | ||
| 090 | _aE15 BR7603264 | ||
| 110 | 1 |
_aDepartamento Estadual de Estatistica, Curitiba, PR (Brasil) _93180 |
|
| 245 | 1 | _aIndicadores setoriais 1976 [Estatistica de producao; Comercializacao; Producao vegetal; Producao animal; Parana; Brasil] | |
| 260 | 3 |
_aCuritiba, PR (Brasil): _c1976. |
|
| 300 | _a375 p. | ||
| 490 |
_aIndicadores Setoriais - Departamento Estadual de Estatistica (Brazil) _vno. 2 _x |
||
| 500 | _aNumerical data | ||
| 650 | _aMicroeconomia | ||
| 650 | _aComercializacao | ||
| 650 | _aProducao vegetal | ||
| 650 | _aProducao animal | ||
| 650 | _aEstatistica de producao | ||
| 650 | _aComercio exterior | ||
| 650 | _aPreco | ||
| 650 | _aArrendamento | ||
| 650 | _aArmazenamento | ||
| 650 | _aComercio interno | ||
| 909 |
_a202312 _bLúcia Elande _c55 _dLúcia Elande |
||
| 942 |
_2AGRIS _n0 _cMS |
||
| 999 |
_c266601 _d266601 |
||